Les Simpson ou South Park - Statistiques

Statistiques générales
  • Ce quiz a été pris 374 fois
  • Le résultat moyen est 22 sur 30
Statistiques - réponses
Hint Réponse % Correct
Tahiti Bob Les Simpson
92%
Ned Flanders Les Simpson
90%
Apu Nahasapeemapetilon Les Simpson
89%
Eric Cartman South Park
89%
Kenny McCormick South Park
87%
Ralph Wiggum Les Simpson
86%
Waylon Smithers Les Simpson
85%
Craig Tucker South Park
85%
Gerald Broflovski South Park
85%
Randy Marsh South Park
85%
Timmy Burch South Park
85%
Tolkien Black South Park
84%
Edna Krapabelle Les Simpson
82%
Richard Tweak South Park
81%
Wendy Testaburger South Park
81%
Herbert Garrison South Park
80%
Jimmy Valmer South Park
77%
Artie Ziff Les Simpson
75%
Hans Taupeman Les Simpson
74%
Timothy Lovejoy Les Simpson
72%
Amber Hankey South Park
71%
Nick Riviera Les Simpson
66%
Ned Gerblanski South Park
64%
Brandine Spuckler Les Simpson
63%
Jeff Albertson Les Simpson
58%
Üter Zörker Les Simpson
58%
Roy Snyder Les Simpson
56%
Jimbo Kern South Park
54%
Tammy Nelson South Park
47%
Lurleen Lumpkin Les Simpson
44%
Aucun quiz correspondant
Distribution des résultats
% des personnes avec chaque résultat
Percentile par nombre de réponses
Votre historique - résultats
Vous n’avez pas pris ce quiz